Bases of modern librarianship : (Record no. 4184)

MARC details
000 -LEADER
fixed length control field 00697nam a2200193 ar4500
001 - CONTROL NUMBER
control field 4186
005 - DATE AND TIME OF LATEST TRANSACTION
control field 20221127090904.0
008 - FIXED-LENGTH DATA ELEMENTS--GENERAL INFORMATION
fixed length control field 150329 xxka 00110 eng d
082 04 - DEWEY DECIMAL CLASSIFICATION NUMBER
Classification number 020.71
Item number B291 1964
245 00 - TITLE STATEMENT
Title Bases of modern librarianship :
Remainder of title a study of library theory and practice ... /
Statement of responsibility, etc. edited by Carl White.
260 ## - PUBLICATION, DISTRIBUTION, ETC.
Place of publication, distribution, etc. Oxford :
Name of publisher, distributor, etc. Pergamon Press,
Date of publication, distribution, etc. 1964.
300 ## - PHYSICAL DESCRIPTION
Extent x, 126 p., [52] p. of plates :
Other physical details ill. ;
Dimensions 23 cm.
440 #0 - SERIES STATEMENT/ADDED ENTRY--TITLE
Title International series of monographs on library and informstion science ;
Volume/sequential designation 1.
500 ## - GENERAL NOTE
General note Includes index.
650 #4 - SUBJECT ADDED ENTRY--TOPICAL TERM
Topical term or geographic name entry element Libraries
General subdivision History.
650 #4 - SUBJECT ADDED ENTRY--TOPICAL TERM
Topical term or geographic name entry element Library science
General subdivision Study and teaching.
650 #4 - SUBJECT ADDED ENTRY--TOPICAL TERM
Topical term or geographic name entry element Librarians.
700 0# - ADDED ENTRY--PERSONAL NAME
Personal name White, Carl M.,
Relator term editor.
Holdings
Withdrawn status Lost status Source of classification or shelving scheme Damaged status Not for loan Home library Current library Date acquired Total Checkouts Full call number Barcode Date last seen Copy number Price effective from Koha item type
          CENTRAL CENTRAL 11/27/2022   020.71 B291 1964 10000000012573 11/27/2022 C1 11/27/2022 Book